Normal view
MARC view
Entry Personal Name
001 - CONTROL NUMBER
- control field: 4090
003 - CONTROL NUMBER IDENTIFIER
- control field: HDC
005 - DATE AND TIME OF LATEST TRANSACTION
- control field: 20230624073155.0
008 - FIXED-LENGTH DATA ELEMENTS
- fixed length control field: 210114|| aca||aabn | a|a d
040 ## - CATALOGING SOURCE
- Original cataloging agency: HDC
- Transcribing agency: HDC
100 ## - HEADING--PERSONAL NAME
- Personal name: Stewart, B. A.
- Fuller form of name: (Bobby Alton)
670 ## - SOURCE DATA FOUND
- Source citation: Work cat.: (HDC): Lal, R. author 3407, Food security and soil quality : Chapter 1 , c2010.
